| Tag |
First Indicator |
Second Indicator |
Subfields |
| LEADER |
00000cam a2200000 a 4500 |
| 001 |
in00000413397 |
| 005 |
20151012060043.0 |
| 008 |
840925s1984 enka 00110 eng d |
| 020 |
|
|
|a 0852361459
|
| 035 |
|
|
|a (OCoLC)11195679
|
| 035 |
|
|
|9 ABV2100AM
|
| 040 |
|
|
|a AGL
|c AGL
|d TXA
|d UtOrBLW
|
| 049 |
|
|
|a TXAM
|c [A09499431]
|
| 072 |
|
0 |
|a E200
|a X100
|
| 090 |
|
|
|a S566
|b .B6 1984
|
| 100 |
1 |
|
|a Boatfield, Graham.
|
| 245 |
1 |
0 |
|a Calculations for agriculture and horticulture /
|c Graham Boatfield and Ian Hamilton.
|
| 264 |
|
1 |
|a Ipswich, England :
|b Farming Press,
|c 1984.
|
| 300 |
|
|
|a 116 pages :
|b illustrations ;
|c 22 cm.
|
| 336 |
|
|
|a text
|b txt
|2 rdacontent
|
| 337 |
|
|
|a unmediated
|b n
|2 rdamedia
|
| 338 |
|
|
|a volume
|b nc
|2 rdacarrier
|
| 490 |
1 |
|
|a Farming book series
|
| 500 |
|
|
|a Includes index.
|
| 650 |
|
0 |
|a Agricultural mathematics.
|
| 650 |
|
0 |
|a Horticulture
|x Mathematics.
|
| 700 |
1 |
|
|a Hamilton, Ian.
|
| 830 |
|
0 |
|a Farming book series.
|
| 999 |
|
|
|a MARS
|
| 999 |
f |
f |
|s 904ecac4-8a4e-326a-906c-eff014277069
|i 66963a5c-223d-3803-929b-114c23b74a3c
|t 0
|
| 952 |
f |
f |
|p ric
|a Texas A&M University
|b Rellis Campus
|c Joint Library Facility
|d Remote Storage
|t 0
|e S566 .B6 1984
|h Library of Congress classification
|i unmediated -- volume
|m A14809499431
|
| 998 |
f |
f |
|a S566 .B6 1984
|t 0
|l Remote Storage
|